Zákon o živnostenském podnikání

Salvato in:
Dettagli Bibliografici
Natura: Libro
Lingua:ceco
Pubblicazione: Frýdek-Místek Ekonkonzult 1992
Edizione:1. vyd.
Soggetti:
Tags: Aggiungi Tag
Nessun Tag, puoi essere il primo ad aggiungerne!!

MARC

LEADER 00000nam a2200000 4500
001 c004957
005 20221214091117.6
020 |a 80-901130-0-1 
041 0 |a cze 
044 |a CZ 
245 1 0 |a Zákon o živnostenském podnikání 
250 |a 1. vyd. 
264 1 |a Frýdek-Místek  |b Ekonkonzult  |c 1992 
300 |a 68 s. 
610 2 0 |a podnikanie súkromné 
610 2 0 |a ČSFR 
610 2 0 |a 1991 
610 2 0 |a právo hospodárske 
610 2 0 |a právo obchodné 
610 2 0 |a podnikatelia